Utopías del renacimiento

Guardat en:
Dades bibliogràfiques
Autors principals: Moro, Tomás More, Thomas (autor), Campanella, Tomaso (Autor), Bacon, Francis (Autor)
Format: Llibre
Idioma:espanyol
Publicat: Ciudad de México Fondo de Cultura Económica 1966
Edició:3a. ed
Col·lecció:Sección de obras de política
Matèries:
Etiquetes: Afegir etiqueta
Sense etiquetes, Sigues el primer a etiquetar aquest registre!

MARC

LEADER 00000nam a2200000 a 4500
001 UCP4802
003 CL-VaPUC
008 990813e19660000MX |||||||||||||||||spa|d
082 0 4 |a 321.07  |b MOR  |2 21 
100 |a Moro, Tomás   |e autor  |q More, Thomas  |9 868789 
700 0 |a Campanella, Tomaso  |e author  |9 432699 
700 0 |a Bacon, Francis  |e author  |9 334502 
245 1 0 |a Utopías del renacimiento 
246 1 0 |a Utopía 
246 1 3 |a La ciudad del sol 
246 1 0 |a Nueva Atlantida 
250 |a 3a. ed 
300 |a 273 p 
942 |c BK 
945 |d 19990813 00:00:00  |a lriquelm 
260 |a Ciudad de México  |b Fondo de Cultura Económica  |c 1966 
650 0 |a Utopía  |9 267298 
650 0 |a Doctrinas políticas  |9 255835 
650 0 |a Política  |9 255312 
650 0 |a Ideologías  |9 255200 
650 7 |a TEORIA  |2 CL-VaPUC  |9 432700 
583 |a last modification  |c 19990813 00:00:00  |k Rodrigo Vera 
490 0 |a Sección de obras de política 
999 |c 282700  |d 282698 
952 |0 0  |1 0  |4 0  |6 321_070000000000000_MOR_1966  |7 0  |8 A  |9 324864  |a BIBHIS  |b BIBHIS  |d 2019-11-20  |i 1359541  |o 321.07 MOR 1966  |p 1359541  |r 2025-01-20  |w 2019-11-20  |y BK  |k HIS 
952 |0 0  |1 0  |4 0  |6 321_070000000000000_MOR_1966  |7 0  |8 A  |9 324865  |a BIBHIS  |b BIBHIS  |d 2019-11-20  |i 135955K  |o 321.07 MOR 1966  |p 135955K  |r 2025-01-20  |w 2019-11-20  |y BK  |k HIS